| 000 | 00545nam a2200217Ia 4500 | ||
|---|---|---|---|
| 003 | OSt | ||
| 005 | 20220512094950.0 | ||
| 008 | 210210b1999 xxu||||| |||| 00| 0 eng d | ||
| 020 | _a81 7014 121 4 | ||
| 040 |
_aAL _c |
||
| 041 | _aEnglish | ||
| 082 | _a510.2465 SANB | ||
| 100 |
_aSANCHETI (D C) and KAPOOR (V K). _936201 |
||
| 245 | _aBusiness mathematics | ||
| 250 | _a11 | ||
| 260 |
_aNew Delhi _bSultan Chand & Sons _c1999 |
||
| 300 | _axiii,856,I-6 | ||
| 690 |
_aBusiness Mathematics _936202 |
||
| 906 | _a056474 | ||
| 942 |
_2ddc _cBK |
||
| 999 |
_c104037 _d104037 |
||